000 00516nam a22001817a 4500
003 UA-OsUOA
001 8768
007 ta
008 20040818b un ||||| |||| 00| 0 ukr d
100 _aКаракоз О.
942 _cSA
040 _aUA-OsUOA
_cUA-OsUOA
_dUA-OsUOA
245 _aБібліотека як складник системи радянських ідеологічних інституцій у 1919-1923 рр.
300 _aС.29-32
955 _a0
773 0 _w0
650 7 _aІсторія
_2UDC
999 _c294929
_d294929